Quizzes
Events
Quiz Creation
Community
Videos
Private Events
Remove Ads
Sign In
Join for FREE
Feedback
Dark Mode
Quiz Categories
Sports
Geography
Music
Movies
Television
Just For Fun
Miscellaneous
History
Literature
Language
Science
Gaming
Entertainment
Religion
Holiday
For Kids
Quiz Lab
Recent
Popular Today
Quiz Kudos Today
Editor Picks
Curator Picks
Quizzes by...
Day
Popularity
Type
Ratings
Length
Year
Community
Subscriptions
Recent Discussions
Orange Saloon
Badges
Playlists
Quests
Create
Leaderboards
Showdown
Live 5
Trivia Bingo
Activity
Puzzle Library
Sporcle Events
Private Events
Virtual Trivia
Globe League
Become a Host
Pub Owners
SporcleCon
Opinionation
Our Games
Videos
Blog
Mobile Apps
Partnerships
Remove Ads and Go Orange
Feedback
Sports
Athletes
MLB
NBA
NHL
NFL
Soccer
Sports Teams
WWE
NCAA
Football
Premier League
Basketball
Baseball
Hockey
Golf
Tennis
Cricket
Rugby
Auto Racing
Olympics
World Cup
Sports
Athletes
MLB
NBA
NHL
NFL
Soccer
Sports Teams
WWE
NCAA
Football
Premier League
Basketball
Baseball
Hockey
Golf
Tennis
Cricket
Rugby
Auto Racing
Olympics
World Cup
Random Quiz
Search Sporcle
×
Quiz Lab
Quiz Lab
Sports
Nation
Type in answers that appear in a list
Type in answers that appear in a list
Classic
Best Score? Go Orange.
Team Sport Olympic Winning Nations Stats
Can you name the gold medal winning nations in Olympic men's team sport competitions?
By
Scorpio
5m
159 Questions
399 Plays
399 Plays
399 Plays
Comments
Comments
Give Quiz Kudos
Give Quiz Kudos
-
- Ratings
hide this ad
Replay
Link that replays current quiz
Next Quiz
Link to next quiz in quiz playlist
You Got
0%
They Got
Avg Score
83%
Avg Friend Score
Upgrade to see
Score Distribution
Jump to the score distribution portion of the page
Score
0/159
Timer
05:00
0
Plays Today
% Correct
Brazil
100%
United States
100%
France
100%
France
100%
United States
99.5%
United States
99.5%
United States
99.5%
United States
99.5%
United States
99.5%
United States
99.5%
United States
99.5%
United States
99.5%
United States
99.5%
United States
99.5%
United States
99.5%
United States
99.5%
United States
99.5%
United States
99.5%
United States
99.5%
United States
99.5%
United States
99.5%
United States
99.5%
United States
99.5%
United States
99.5%
United States
99.5%
Brazil
98.4%
United States
98.4%
Brazil
98.4%
Argentina
98.4%
Canada
97.7%
Canada
97.7%
Canada
97.7%
Canada
97.7%
Canada
97.7%
Canada
97.7%
Canada
97.7%
Canada
97.7%
Belgium
97.4%
Japan
97.4%
Soviet Union
96.7%
France
96.7%
Soviet Union
96.7%
Soviet Union
96.7%
Soviet Union
96.7%
Soviet Union
96.7%
Soviet Union
96.7%
Soviet Union
96.7%
Soviet Union
96.7%
Soviet Union
96.7%
Soviet Union
96.7%
Soviet Union
96.7%
Soviet Union
96.7%
Soviet Union
96.7%
% Correct
Soviet Union
96.7%
France
96.7%
Soviet Union
96.7%
Soviet Union
96.7%
Soviet Union
96.7%
Soviet Union
96.7%
France
96.7%
France
96.7%
Canada
96.6%
Great Britain
95.7%
Great Britain
95.7%
Great Britain
95.7%
Great Britain
95.7%
Great Britain
95.7%
Great Britain
95.7%
Great Britain
95.7%
Germany
95.7%
Germany
95.7%
Great Britain
95.7%
Great Britain
95.7%
Great Britain
95.7%
Germany
95.7%
Germany
95.7%
Germany
95.7%
Finland
95.7%
Russia
95.3%
Sweden
94.7%
Sweden
94.7%
Sweden
94.7%
Denmark
94.7%
Italy
94.2%
Brazil
94.2%
Brazil
94.2%
Italy
94.2%
Italy
94.2%
Italy
94.2%
Argentina
93.7%
Argentina
93.7%
Argentina
93.7%
Spain
92%
Spain
92%
Russia
91.5%
Russia
91.5%
Japan
91%
India
90.5%
India
90.5%
India
90.5%
India
90.5%
India
90.5%
India
90.5%
India
90.5%
India
90.5%
Mexico
90%
% Correct
Cuba
90%
Cuba
90%
Cuba
90%
Hungary
89.5%
Hungary
89.5%
Hungary
89.5%
Hungary
89.5%
Hungary
89.5%
Hungary
89.5%
Hungary
89.5%
Hungary
89.5%
Hungary
89.5%
Hungary
89.5%
Hungary
89.5%
Hungary
89.5%
Netherlands
89.2%
Netherlands
89.2%
Netherlands
89.2%
Australia
88.2%
Yugoslavia
87.5%
Yugoslavia
87.5%
Yugoslavia
87.5%
Yugoslavia
87.5%
Yugoslavia
87.5%
Yugoslavia
87.5%
Yugoslavia
87.5%
Yugoslavia
87.5%
West Germany
87.2%
Serbia
86.7%
East Germany
86.5%
East Germany
86.5%
Fiji
84.2%
Pakistan
83.7%
Pakistan
83.7%
Pakistan
83.7%
Poland
83.2%
Poland
83.2%
Serbia
81.6%
Fiji
81.3%
South Korea
81%
Czechoslovakia
80.7%
Czech Republic
79.2%
Belgium
77.2%
Uruguay
75.9%
Uruguay
75.9%
Croatia
74.9%
Croatia
74.9%
Croatia
74.9%
New Zealand
73.9%
Nigeria
70.7%
Unified Team
56.4%
Cameroon
55.6%
Unified Team
54.1%
Quiz Playlist
Details
Report
Send in Message
Add To Playlist
Classic:
Type in answers that appear in a list
Last Updated: Feb 16, 2017
Quiz Scoreboard
CHALLENGE
Sign Up to Join the Scoreboard
Show All
Scores
Hide
Comments
May contain spoilers
Recently Published
Movies - When Are They Set?
by FPL_Elf
Movies
5m
Popular People in 1961
by mucciniale
History
6m
1-10 Letter E Words III
by El_Dandy
Language
2m
More to Explore
Quiz From the Vault
Featured Blog Post
Where Did the Easter Bunny Come From?
hide this ad
You Might Also Like...
Tags
Nation Quiz
competition
gold
Medal
men
team
Winning
Today's Top Quizzes in Sports
Browse Sports
hide this ad
Today's Top Quizzes in Nation
Browse Nation
Top Contributed Quizzes in Sports
1
Les meilleurs buteurs des matchs entre le PSG et l’OM
2
FIFA Club World Cup Champions
3
Les entraîneurs de l'OM et du PSG au 21e siècle
4
2022 World Cup Stars
5
Name the Premier League winners with different clubs
6
La finale Lions - Afrique du Sud 2021
7
Criteria MLB: Left Handed Sluggers
8
Les joueurs passés par le LOSC et le RC Lens
9
Players with Multiple 50 Home Run Seasons
10
MLB Players with Two .350 Batting Average Seasons
Explore More
Trending Topics
Marvel
Crossword
Kpop
Harry Potter
NBA
Anime
Disney
Pokémon
The Office
Puzzle
Song
WWE
Soccer
Country
NFL
hide this ad
More By:
Scorpio
Quiz
Plays
Rating
Category
Featured
Created
Second 'U' Countries
150,651
4.53
Geography
Apr 24, 2010
Best African Olympic Countries
69,788
4.49
Sports
Nov 25, 2009
Premier League Darts
12,698
4.40
Sports
Feb 12, 2010
Historical Events of 1986
11,530
4.64
History
Jul 2, 2011
Largest European 'B' Cities
6,808
4.67
Geography
Jun 12, 2010
Go to Creator's Profile
Score Distribution
Quiz Creator Spotlight
Scorpio
Follow
Send a Message
Quizzes Created
-
Created Quiz Play Count
-
More By This Creator
Popular Quizzes Today
1
Find the Countries of Europe - No Outlines Minefield
2
Find the US States - No Outlines Minefield
3
The Countries of the World
4
Popular People in 1961
5
1-10 Letter E Words III
6
US States
7
Find the US States
8
One Thing in Common: World Cities II
More Sports Quizzes
Memphis Grizzlies Players in Common
Quiz Lab
Trending Quizzes
Risky Map Clicking: Least Populous States A-Z
Humor Books: The Subtitles
1-10 Letter F Words
1-10 Letter G Words
One Thing in Common: United Kingdom
Recently Updated
Leaping Animals
pecheneg
Reality TV Shows (A-Z)
bhenderson79
Rickey Henderson's Hall of Fame Teammates
pecheneg
Champions League XIs: Arsenal
pecheneg
Quick Pick: Celebrities in WWE's Hall of Fame
aduchscher
A-Z Keypad Blitz II
pecheneg
Multiple Oscar Actors
pecheneg
Mystery Phrase Blitz: Oscar 'Best Actors'
pecheneg
F. Scott Fitzgerald Novels
LTH
Pick 3 Villains
ddd62291
Trending Topics
Harry Potter
Marvel
Disney
Anime
Kpop
Crossword
NBA
Song
Pokémon
WWE
The Office
Soccer
Country
Puzzle
NFL
Your Account Isn't Verified!
In order to create a playlist on Sporcle, you need to verify the email address you used during registration. Go to your
Sporcle Settings
to finish the process.
Report this User
Report this user for behavior that violates our
Community Guidelines
.
Details:
Send Report
Go to the Sporcle.com Mobile Site →
Comments